Pokémon - 6ème génération - Statistiques

Statistiques générales
  • Ce quiz a été pris 178 fois
  • Le résultat moyen est 56 sur 72
Statistiques - réponses
N° PokéDex Pokémon % Correct
0656 Grenousse
99%
0717 Xerneas
99%
0653 Feunnec
98%
0718 Yveltal
98%
0658 Amphinobi
97%
0650 Marisson
97%
0719 Zygarde
97%
0663 Flambusard
93%
0655 Goupelin
92%
0657 Croâporal
91%
0652 Blindépique
88%
0661 Passerouge
88%
0654 Roussil
88%
0722 Volcanion
88%
0720 Diancie
86%
0651 Boguérisse
85%
0662 Braisillon
85%
0702 Brutalibré
81%
0670 Floette
81%
0666 Prismillon
81%
0669 Flabébé
80%
0707 Muplodocus
80%
0721 Hoopa
79%
0697 Ptyranidur
79%
0698 Rexillius
79%
0681 Exagide
78%
0671 Florges
78%
0667 Hélionceau
78%
0699 Amagara
77%
0700 Dragmara
77%
0705 Mucuscule
77%
0668 Némélios
77%
0659 Sapereau
77%
0706 Colimucus
76%
0676 Couafarel
76%
0680 Dimoclès
76%
0679 Monorpale
76%
0716 Bruyverne
74%
0660 Excavarenne
74%
0693 Gamblast
74%
0701 Nymphali
74%
0715 Sonistrelle
74%
0704 Strassie
74%
0673 Chevroum
73%
0695 Iguolta
73%
0664 Lépidonille
73%
0711 Pitrouille
73%
0691 Kravarech
72%
0677 Psystigri
72%
0684 Sucroquin
72%
0672 Cabriolaine
71%
0703 Dedenne
71%
0694 Galvaran
71%
0690 Venalgue
71%
0692 Flingouste
70%
0713 Grelaçon
70%
0678 Mistigrix
70%
0665 Pérégrain
70%
0708 Trousselin
70%
0685 Cupcanaille
69%
0682 Fluvetin
69%
0675 Pandarbare
69%
0709 Brocélôme
68%
0689 Golgopathe
68%
0674 Pandespiègle
68%
0714 Séracrawl
68%
0710 Desséliande
67%
0683 Cocotine
66%
0712 Banshitrouye
65%
0688 Opermine
64%
0686 Sepiatop
61%
0687 Sepiatroce
61%
Aucun quiz correspondant
Distribution des résultats
% des personnes avec chaque résultat
Percentile par nombre de réponses
Votre historique - résultats
Vous n’avez pas pris ce quiz